|
|
|
|
| LEADER |
00000cam a2200000 7i4500 |
| 001 |
0000140281 |
| 005 |
20100520.0 |
| 020 |
|
|
|a 9789830535470
|
| 090 |
0 |
0 |
|a 920
|b ROS
|
| 100 |
0 |
|
|a Rosmah Mat Khalil
|
| 245 |
1 |
0 |
|a Ibnu Sina :
|b bapa perubatan
|c Rosmah Mat Khalil
|
| 260 |
|
|
|a Kuala Lumpur :
|b Pustaka Prinsip ,
|c 2010
|
| 300 |
|
|
|a 27p. ;
|c 21cm.
|
| 490 |
0 |
|
|a Siri tokoh dan ilmuan Islam
|
| 650 |
0 |
0 |
|a Islamic stories, Malay
|
| 999 |
|
|
|a 00233519
|b BUKU
|c JUNIOR BOOKS
|e PERPUSTAKAAN KOMUNITI PETALING JAYA
|
| 999 |
|
|
|a 00233520
|b BUKU
|c JUNIOR BOOKS
|e PERPUSTAKAAN KOMUNITI CAW KOTA DAMANSARA
|
| 999 |
|
|
|a 00235392
|b BUKU
|c JUNIOR BOOKS
|e PERPUSTAKAAN KOMUNITI CAW KOTA DAMANSARA
|
| 999 |
|
|
|a 00278453
|b BUKU
|c JUNIOR BOOKS
|e PERPUSTAKAAN KOMUNITI CAW TAMAN MEDAN
|
| 999 |
|
|
|a 00278460
|b BUKU
|c JUNIOR BOOKS
|e PERPUSTAKAAN KOMUNITI CAW TAMAN MEDAN
|